000 02188ngm a2200409 4500
003 dpl
005 20100315132412.0
007 DVD
008 ||||||sp199 xxu|||||c ||| 00| 0 ng d
010 _aDVD-006701-6705
024 _c45.00
_aSHE 813 F2
035 _aDVD-006701-6705
040 _aDPL
_cDPL
082 _aDVD MURD
245 _aMurder
_cMahesh Bhatt Presents
_h[videorecording] VCD/
260 _bShemaroo Home Entertainment
300 _a2 videodisc VCD;
_bsd., col. ;
_c4 3/4 in.
_fVCD
440 _aShemaroo Home Entertainment
500 _aMastered From The Original Film
500 _aThis Title in Completed with 2 Disc. Not to be sold individually.
538 _aDolby Digital 5.1 - Hindi Subtitles: English
538 _aNTSC Format-All Regions, 16x9 Anamorphic (2:23.1 Aspect Ratio), Dual Layer
650 _aMotion Picture
700 _aBhatt, Mahesh
700 _aBhatt, Mukesh
700 _aBasu, Anurag
700 _aSherawat, Malika
700 _aPatel, Ashmit
700 _aHashmi, Emraan
942 _cCF
_2ddc
_hDVD
_mMURD
999 _c34675
_d34675